Guess the Taylor Swift Song (no hints) 134 - Statistics

General Stats
  • This quiz has been taken 66 times
  • The average score is 411 of 513
Answer Stats
Answer % Correct
I
98%
a
95%
the
95%
The
95%
Who
93%
You
93%
you,
93%
you
93%
(you
93%
And
90%
and
90%
be
90%
me
90%
me,
90%
are
88%
(go),
88%
(go)
88%
like
88%
(like
88%
my
88%
My
88%
No
88%
That
88%
then,
88%
this
88%
this)
88%
To
88%
to
88%
want
88%
we
88%
where
88%
win
88%
(win),
88%
(win)
88%
bad,
86%
bad
86%
girl"
86%
girl
86%
I'm
86%
in
86%
is
86%
it
86%
so
86%
there,
86%
there
86%
They
86%
at
83%
but
83%
don't
83%
It's
83%
know
83%
know)
83%
Miss
83%
nothing
83%
play
83%
see
83%
there's
83%
time
83%
was
83%
We're
83%
we're
83%
with
83%
American
81%
Americana
81%
been
81%
games,
81%
Heartbreak
81%
one
81%
Prince
81%
prizes
81%
"She's
81%
She's
81%
that's
81%
'Cause
79%
'cause
79%
coming,
79%
fake
79%
for
79%
gonna
79%
just
79%
long
79%
school
79%
should
79%
stupid
79%
think
79%
away
76%
dice
76%
I'll
76%
Now
76%
now
76%
Oh,
76%
rolling
76%
run
76%
sad,
76%
whisper
76%
whole
76%
world
76%
blue
74%
blue)
74%
days,
74%
hallway,
74%
home
74%
men?
74%
paint
74%
(paint
74%
town
74%
wanna
74%
likely
71%
lost
71%
most
71%
only
71%
Than
71%
up
71%
adore
69%
crazier
69%
(fight)
69%
lights
69%
never
69%
(okay)
69%
really
69%
16,
67%
counted
67%
film
67%
head
67%
scene
67%
before
64%
miles
64%
stories
64%
Boys
62%
boys
62%
bruising
62%
come
62%
feeling
62%
glory
62%
homecoming
62%
life
62%
nobody's
62%
saw
62%
seems
62%
thought
62%
Voted
62%
wise
62%
guys
60%
let
60%
losing,
60%
playing
60%
ran
60%
scared
60%
someday
60%
team
60%
(ah)
57%
band
57%
cameras
57%
care
57%
Darling,
57%
depressed
57%
dress
57%
helpless,
57%
marching
57%
queens,
57%
will
57%
catch
55%
cries
55%
damsels
55%
faded
55%
hopeless,
55%
hung,
55%
prom
55%
ripped
55%
scoreboard
55%
smile
55%
Waving
55%
battered
52%
between
52%
high
52%
rose
52%
Running
52%
storm
52%
through
52%
Leave
50%
muffled
50%
thorns,
50%
fives
48%
pageant
48%
burning
45%
No matching quizzes found
Score Distribution
Percent of People with Each Score
Percentile by Number Answered
Your Score History
You have not taken this quiz